01567nab a22001937a 4500003000400000005001700004008004100021040000700062100002500069245020600094300001200300500003800312505077100350505007201121650002301193650002901216700002601245773010201271OSt20260128020637.0190514b xxu||||| |||| 00| 0 spa d cPJ aBeas, Verónica M. 13aLa representación adecuada en torno al proceso penal juvenil, principio de no regresión y desafíos a diez años del nuevo Código Civil y Comercial /cVerónica M. Beas, Hernán Franco Papa.  ap. 4-11 aCita: TR LALEY AR/DOC/2506/2025.  aSumario: I. Introducción.— II. Breve contextualización: vigencia de la ley 22.278 desde 1980 y paradigma tutelarista.— III. Reconocimiento internacional de los adolescentes como sujetos de derecho.— IV. La paradoja: normas superadoras en el campo civil y de infancia vs. subsistencia del régimen penal juvenil anacrónico.— V. El art. 103 del Cód. Civ. y Com. y su aplicación en el proceso penal juvenil.— VI. La jurisprudencia y la doctrina ante el desfase normativo.— VII. El principio de no regresión en materia penal juvenil.— VIII. Representación complementaria y garantía estructural.— IX. Necesaria articulación de roles.— X. Desconocimiento y subutilización del art. 103 en el fuero penal juvenil.— XI. Conclusiones.  tSi te interesa el texto, comunicate a koha@justierradelfuego.gov.ar 0aDERECHO DE FAMILIA 0aCODIGO CIVIL Y COMERCIAL aPapa, Hernán Franco0 02844dBuenos Aires : AbeledoPerrot, 1989-tDerecho de familia. N° 122 - Noviembre 2025z18511201